[Event "February TNT"]
[Site "Winnipeg CAN"]
[Date "2014.02.18"]
[Round "3.4"]
[White "Kernetsky, Myron"]
[Black "Faraj, Raphael"]
[Result "1-0"]
[WhiteElo "2059"]
[BlackElo "1598"]
[PlyCount "133"]
[EventDate "2014.02.04"]
[EventType "swiss"]
[EventRounds "4"]
[EventCountry "CAN"]

1. d4 d5 2. Nf3 Bf5 3. c4 c6 4. e3 Nf6 5. Nc3 e6 6. Qb3 Qc7 7. Bd2 Be7 8. Rc1
Nbd7 9. Be2 O-O 10. O-O c5 11. cxd5 exd5 12. Nxd5 Nxd5 13. Qxd5 Be6 14. Qe4 Nf6
15. Qb1 b6 16. Rfd1 Rad8 17. Be1 Qb7 18. Ne5 Bd5 19. f3 cxd4 20. exd4 Bd6 21.
Bf1 Rde8 22. Bc3 Rc8 23. Re1 Rfe8 24. a3 b5 25. Qf5 Be6 26. Qd3 Qb6 27. Qxb5
Bxe5 28. Qxb6 axb6 29. dxe5 Nd5 30. Bd2 h6 31. Bd3 Red8 32. Be4 Ne7 33. Rxc8
Rxc8 34. Rc1 Rd8 35. Be3 b5 36. Kf2 g5 37. g3 Kg7 38. Rc7 Nd5 39. Rc1 Rb8 40.
f4 Nxe3 41. Kxe3 Rd8 42. Bd3 Rb8 43. f5 Bd7 44. Rc7 Be8 45. Kd4 Rd8+ 46. Kc3
Kf8 47. e6 fxe6 48. fxe6 Rd6 49. Bf5 Rc6+ 50. Rxc6 Bxc6 51. Kd4 Ke7 52. Ke5 Bf3
53. Bd3 Bc6 54. h4 gxh4 55. gxh4 h5 56. Be2 Be8 57. Kd5 Kf6 58. Kd6 Bg6 59.
Bxb5 Bf5 60. e7 Bg6 61. e8=Q Bxe8 62. Bxe8 Kg7 63. Bxh5 Kh6 64. Bg4 Kg6 65. Ke7
Kh6 66. a4 Kg6 67. a5 1-0

[Event "February TNT"]
[Site "Winnipeg CAN"]
[Date "2014.02.18"]
[Round "3.4"]
[White "Leaden, Bruce"]
[Black "Evans, Jason"]
[Result "1/2-1/2"]
[WhiteElo "1550"]
[BlackElo "1288"]
[PlyCount "96"]
[EventDate "2014.02.04"]
[EventType "swiss"]
[EventRounds "4"]
[EventCountry "CAN"]

1. e4 e5 2. Nf3 Nc6 3. d4 exd4 4. Bc4 Bb4+ 5. c3 dxc3 6. bxc3 Bc5 7. Bxf7+ Kxf7
8. Qd5+ Ke8 9. Qxc5 h6 10. Ba3 d6 11. Qe3 Bg4 12. O-O Qf6 13. Nbd2 Bxf3 14.
Nxf3 Ne5 15. Nxe5 Qxe5 16. Rab1 b6 17. Bb2 Nf6 18. c4 Qe6 19. Qf3 Kf7 20. a3
Qxe4 21. Qxe4 Nxe4 22. Rfe1 Nf6 23. Re2 Rhe8 24. Rbe1 Rxe2 25. Rxe2 Re8 26.
Rxe8 Nxe8 27. f4 Ke6 28. g4 g6 29. Kf2 d5 30. cxd5+ Kxd5 31. Ke3 Nd6 32. Bc1 c5
33. a4 a6 34. h4 h5 35. f5 Nxf5+ 36. gxf5 gxf5 37. Kf4 b5 38. axb5 axb5 39. Kg5
f4 40. Bxf4 b4 41. Kxh5 b3 42. Bc1 c4 43. Bb2 Ke4 44. Kg5 Kd3 45. h5 c3 46.
Bxc3 Kxc3 47. h6 b2 48. h7 b1=Q 1/2-1/2

[Event "February TNT"]
[Site "Winnipeg CAN"]
[Date "2014.02.18"]
[Round "3.4"]
[White "Magyar, Peter"]
[Black "Campbell, Jamie"]
[Result "0-1"]
[WhiteElo "1591"]
[BlackElo "1728"]
[PlyCount "46"]
[EventDate "2014.02.04"]
[EventType "swiss"]
[EventRounds "4"]
[EventCountry "CAN"]

1. e3 Nf6 2. d4 b6 3. Bd3 Bb7 4. Nf3 e6 5. O-O c5 6. c3 Be7 7. Nbd2 d5 8. Ne5
O-O 9. f4 Ba6 10. c4 cxd4 11. exd4 dxc4 12. Ndxc4 Qxd4+ 13. Be3 Qd5 14. a3 Nbd7
15. Nxb6 axb6 16. Rc1 Nc5 17. Bxa6 Rxa6 18. Qe2 Raa8 19. Rfd1 Qb7 20. Bf2 Rfd8
21. Bd4 Nb3 22. Rc4 Nxd4 23. Rcxd4 Bc5 0-1

[Event "February TNT"]
[Site "Winnipeg CAN"]
[Date "2014.02.18"]
[Round "3.4"]
[White "Raihman, Daniel"]
[Black "Atem, James"]
[Result "1-0"]
[WhiteElo "1675"]
[BlackElo "1918"]
[PlyCount "149"]
[EventDate "2014.02.04"]
[EventType "swiss"]
[EventRounds "4"]
[EventCountry "CAN"]

1. e4 d6 2. d4 e6 3. Nc3 c6 4. Be3 Bd7 5. Qd2 Be7 6. Bd3 Nf6 7. h3 a6 8. Nge2
Qa5 9. O-O c5 10. f4 b5 11. e5 cxd4 12. exf6 dxe3 13. fxg7 Rg8 14. Qxe3 Bf6 15.
Bxh7 Rxg7 16. Bd3 Nc6 17. Ne4 Be7 18. Nd4 Qb6 19. Nf5 Qxe3+ 20. Nxe3 d5 21. Nf2
Bc5 22. Neg4 Ke7 23. Kh1 f6 24. Rae1 Rf8 25. c3 Kd6 26. Bc2 e5 27. fxe5+ fxe5
28. Ne4+ dxe4 29. Rxf8 Bxg4 30. Bxe4 Ne7 31. hxg4 Rxg4 32. Rf6+ Kc7 33. Rh6 Bf2
34. Re2 Bg3 35. Bf3 Rc4 36. Rxa6 Rh4+ 37. Kg1 Nf5 38. Re4 Bh2+ 39. Kf2 Bg3+ 40.
Ke2 Bf4 41. Kd3 Nd6 42. g3 Nxe4 43. Ra7+ Kb6 44. Rb7+ Kxb7 45. Bxe4+ Kc7 46.
gxh4 Kb6 47. h5 Kc5 48. b3 b4 49. cxb4+ Kxb4 50. a4 Bh6 51. Bg6 Bf4 52. Ke4 Ka5
53. Bf7 Kb4 54. Bc4 Ka5 55. Kf5 Kb4 56. Kg6 Bd2 57. h6 e4 58. h7 Bc3 59. Kf7 e3
60. Kg8 e2 61. Bxe2 Kxb3 62. Bb5 Kb4 63. h8=Q Bxh8 64. Kxh8 Ka5 65. Kg7 Kb6 66.
Kf7 Kc5 67. Ke6 Kb6 68. Kd6 Kb7 69. Kc5 Ka7 70. Kc6 Kb8 71. Kb6 Ka8 72. Bc6+
Kb8 73. a5 Kc8 74. a6 Kb8 75. a7+ 1-0

[Event "February TNT"]
[Site "Winnipeg CAN"]
[Date "2014.02.18"]
[Round "3.4"]
[White "Raihman, Igal"]
[Black "Platt, Alex"]
[Result "0-1"]
[WhiteElo "1980"]
[BlackElo "2014"]
[PlyCount "68"]
[EventDate "2014.02.04"]
[EventType "swiss"]
[EventRounds "4"]
[EventCountry "CAN"]

1. e4 Nf6 2. Nc3 d5 3. exd5 Nxd5 4. Qf3 c6 5. Bc4 Nf6 6. Ne4 Nbd7 7. Bb3 h6 8.
d3 g6 9. Bd2 Bg7 10. Bc3 O-O 11. Ne2 Qc7 12. h4 b6 13. Nf4 Kh8 14. g4 Ne5 15.
Bxe5 Qxe5 16. Bxf7 Qa5+ 17. b4 Qxb4+ 18. c3 Bxg4 19. Nxg6+ Kh7 20. Nxf8+ Rxf8
21. Qxf6 Qxe4+ 22. dxe4 Bxf6 23. Kd2 Rxf7 24. Rae1 Be5 25. f4 Rxf4 26. Rhf1
Rxf1 27. Rxf1 Bf6 28. e5 Bxh4 29. Kd3 Be6 30. a3 Kg6 31. Rf8 a5 32. Rb8 b5 33.
Rf8 h5 34. Rf3 Bg5 0-1

[Event "February TNT"]
[Site "Winnipeg CAN"]
[Date "2014.02.18"]
[Round "3.4"]
[White "Remillard, John"]
[Black "Wasserman, Leor"]
[Result "1/2-1/2"]
[WhiteElo "1603"]
[BlackElo "2081"]
[PlyCount "99"]
[EventDate "2014.02.04"]
[EventType "swiss"]
[EventRounds "4"]
[EventCountry "CAN"]

1. e4 e5 2. Nf3 Nc6 3. Bb5 a6 4. Bxc6 dxc6 5. O-O f6 6. c3 Qd3 7. Qb3 Bc5 8.
Na3 Ne7 9. Qc2 Qxc2 10. Nxc2 Be6 11. d4 exd4 12. Ncxd4 Bc4 13. Rd1 O-O-O 14.
Be3 Rhe8 15. b3 Bf7 16. Nxc6 Rxd1+ 17. Rxd1 Bxe3 18. Nxe7+ Rxe7 19. fxe3 Rxe4
20. Kf2 Bh5 21. Rd4 Re7 22. Nh4 Re5 23. h3 g5 24. Nf3 Ra5 25. a4 Bf7 26. Nd2
Rc5 27. c4 a5 28. g4 Re5 29. e4 Re7 30. c5 Re5 31. c6 bxc6 32. Nc4 Bxc4 33.
Rxc4 Kb7 34. Ke3 Kb6 35. b4 c5 36. b5 c6 37. bxc6 Kxc6 38. Rc2 Re7 39. Rb2 Rb7
40. Rxb7 Kxb7 41. Kd3 Kc6 42. Kc3 Kd6 43. Kc4 Kc6 44. Kd3 h6 45. Kc4 Kb6 46.
Kd5 c4 47. Kxc4 Kc6 48. Kd4 Kd6 49. Kc4 Kc6 50. Kd4 1/2-1/2

[Event "February TNT"]
[Site "Winnipeg CAN"]
[Date "2014.02.18"]
[Round "3.4"]
[White "Roy, Rayan"]
[Black "Kraus, Dean"]
[Result "1-0"]
[WhiteElo "1416"]
[BlackElo "1142"]
[PlyCount "61"]
[EventDate "2014.02.04"]
[EventType "swiss"]
[EventRounds "4"]
[EventCountry "CAN"]

1. e4 e5 2. Nf3 d6 3. Bc4 Nf6 4. Nc3 Nc6 5. Ng5 Bg4 6. f3 Bh5 7. O-O Be7 8. d3
O-O 9. Rb1 Nd4 10. b3 c6 11. b4 d5 12. exd5 cxd5 13. Bb3 Bxb4 14. Bd2 e4 15.
dxe4 dxe4 16. Ncxe4 Qb6 17. Rf2 Rac8 18. c3 Nb5 19. cxb4 Na3 20. h3 Rcd8 21.
Ba4 Nd5 22. Rb3 Rc8 23. Rxa3 h6 24. Qb1 hxg5 25. Nxg5 g6 26. g4 f5 27. Bd7 Nc7
28. Qb3+ Kh8 29. Bxc8 Rxc8 30. Bc3+ Qf6 31. Bxf6# 1-0

[Event "February TNT"]
[Site "Winnipeg CAN"]
[Date "2014.02.18"]
[Round "3.4"]
[White "Wolchock, Theo"]
[Black "Swift, Ryne"]
[Result "1-0"]
[WhiteElo "1755"]
[BlackElo "1975"]
[PlyCount "35"]
[EventDate "2014.02.04"]
[EventType "swiss"]
[EventRounds "4"]
[EventCountry "CAN"]

1. c4 c5 2. g3 d6 3. Bg2 Nc6 4. Nc3 g6 5. e3 Bg7 6. Nge2 Nf6 7. O-O O-O 8. d4
Bd7 9. a3 Qc8 10. Re1 a6 11. dxc5 dxc5 12. Na4 Qc7 13. Nxc5 Na5 14. b4 Rfd8 15.
Qc2 Nc6 16. Bb2 b6 17. Nxd7 Rxd7 18. b5 1-0

[Event "February TNT"]
[Site "Winnipeg CAN"]
[Date "2014.02.25"]
[Round "4.4"]
[White "Campbell, Jamie"]
[Black "Atem, James"]
[Result "1-0"]
[WhiteElo "1728"]
[BlackElo "1918"]
[PlyCount "87"]
[EventDate "2014.02.04"]
[EventType "swiss"]
[EventRounds "4"]
[EventCountry "CAN"]

1. b3 c5 2. Bb2 Nc6 3. e3 e5 4. Bb5 d6 5. Ne2 Nf6 6. O-O Bd7 7. d4 cxd4 8. exd4
e4 9. d5 Ne5 10. Bxd7+ Qxd7 11. Bxe5 dxe5 12. c4 Bc5 13. Nbc3 a6 14. h3 O-O 15.
Ng3 e3 16. Nce4 exf2+ 17. Nxf2 e4 18. Qe2 Rfe8 19. Kh1 g6 20. Nfxe4 Nxe4 21.
Nxe4 Bd4 22. Rad1 Bg7 23. Qd3 f5 24. Nc5 Qc8 25. Ne6 Bf6 26. g4 Rxe6 27. dxe6
Qxe6 28. Qd5 Re8 29. gxf5 gxf5 30. Rxf5 Qxd5+ 31. cxd5 Bc3 32. d6 Rd8 33. d7 b6
34. Kg2 Kg7 35. Kf3 Kg6 36. Rdd5 h6 37. Ke4 a5 38. a4 Bb4 39. h4 Be7 40. h5+
Kg7 41. Ke5 Bc5 42. Ke6 Kg8 43. Rxc5 bxc5 44. Rxc5 1-0

[Event "February TNT"]
[Site "Winnipeg CAN"]
[Date "2014.02.25"]
[Round "4.4"]
[White "Clark, Jeff"]
[Black "Kernetsky, Myron"]
[Result "0-1"]
[WhiteElo "1996"]
[BlackElo "2059"]
[PlyCount "68"]
[EventDate "2014.02.04"]
[EventType "swiss"]
[EventRounds "4"]
[EventCountry "CAN"]

1. d4 Nf6 2. Nf3 e6 3. c4 b6 4. Nc3 Bb4 5. Bg5 Bb7 6. e3 h6 7. Bh4 Bxc3+ 8.
bxc3 Nc6 9. Bd3 Na5 10. O-O Qe7 11. a4 g5 12. Bg3 d6 13. Nd2 h5 14. h4 Rg8 15.
e4 Ng4 16. Nf3 f6 17. Qe2 O-O-O 18. Rfb1 Rg7 19. Rb5 c6 20. Rb2 Rdg8 21. hxg5
fxg5 22. c5 dxc5 23. Ne5 Nxe5 24. Bxe5 g4 25. Bxg7 Rxg7 26. Ba6 cxd4 27. Bxb7+
Kxb7 28. cxd4 h4 29. Rc1 g3 30. f3 Qg5 31. Qd2 Qxd2 32. Rxd2 Nb3 33. Rcc2 Nxd2
34. Rxd2 Rd7 0-1

[Event "February TNT"]
[Site "Winnipeg CAN"]
[Date "2014.02.25"]
[Round "4.4"]
[White "Einarsson, Ken"]
[Black "Roy, Rayan"]
[Result "1/2-1/2"]
[WhiteElo "1768"]
[BlackElo "1416"]
[PlyCount "98"]
[EventDate "2014.02.04"]
[EventType "swiss"]
[EventRounds "4"]
[EventCountry "CAN"]

1. d4 d5 2. c4 e6 3. Nc3 Nf6 4. Bg5 Be7 5. e3 Nc6 6. Nf3 O-O 7. Qc2 Re8 8. a3
a6 9. Bd3 g6 10. O-O Qd6 11. Bf4 Qd7 12. Ne5 Qd8 13. cxd5 exd5 14. Nxc6 bxc6
15. Na4 Bd7 16. Nc5 Bc8 17. b4 Bd6 18. Bg5 Bxh2+ 19. Kh1 Bd6 20. Qa4 Bxc5 21.
bxc5 Re6 22. Rae1 Qe8 23. Qa5 Qd7 24. f4 Nh5 25. Rf3 f5 26. Qd2 a5 27. Rh3 Qg7
28. Be2 Nf6 29. Bxf6 Qxf6 30. g4 fxg4 31. Bxg4 Re8 32. Bxc8 Rexc8 33. Qh2 Qf7
34. Kg2 Rab8 35. Kf3 h5 36. Rg1 Kh7 37. Qc2 Kh6 38. Rg5 Qe6 39. Rhg3 Rg8 40.
Re5 Qf6 41. Qd2 Rbe8 42. Qxa5 Rxe5 43. dxe5 Qf7 44. Qa6 Qe6 45. Qd3 Qf7 46. f5
h4 47. Rg4 Kh5 48. f6 Qe6 49. Qd4 Qf5+ 1/2-1/2

[Event "February TNT"]
[Site "Winnipeg CAN"]
[Date "2014.02.25"]
[Round "4.4"]
[White "Faraj, Raphael"]
[Black "Evans, Jason"]
[Result "0-1"]
[WhiteElo "1598"]
[BlackElo "1288"]
[PlyCount "98"]
[EventDate "2014.02.04"]
[EventType "swiss"]
[EventRounds "4"]
[EventCountry "CAN"]

1. d4 Nf6 2. e3 e6 3. Nf3 d5 4. c4 Bb4+ 5. Bd2 a5 6. Bxb4 axb4 7. Ne5 Nbd7 8.
cxd5 Nxe5 9. dxe5 Nxd5 10. Qg4 O-O 11. Be2 b6 12. O-O Ba6 13. Bxa6 Rxa6 14. Rd1
Qa8 15. a3 Rd8 16. h3 Qc6 17. e4 Qc2 18. exd5 Raa8 19. Nd2 Rxd5 20. Qxb4 Rad8
21. Rac1 Qf5 22. Rxc7 Qxe5 23. Rc2 g6 24. Qg4 Rxd2 25. Rdxd2 Qe1+ 26. Kh2 Rxd2
27. Rxd2 Qxd2 28. f3 Qxb2 29. a4 e5 30. h4 Qd4 31. Kg3 Qxg4+ 32. fxg4 f5 33.
Kf3 Kf7 34. g3 Ke6 35. gxf5+ gxf5 36. h5 Kd5 37. h6 Kd4 38. g4 e4+ 39. Kf4 fxg4
40. Kf5 e3 41. Kf6 e2 42. Kg7 e1=Q 43. Kxh7 Qe4+ 44. Kg7 g3 45. h7 Qxh7+ 46.
Kxh7 g2 47. a5 bxa5 48. Kh6 g1=Q 49. Kh5 Ke4 0-1

[Event "February TNT"]
[Site "Winnipeg CAN"]
[Date "2014.02.25"]
[Round "4.4"]
[White "Magyar, Peter"]
[Black "Leaden, Bruce"]
[Result "0-1"]
[WhiteElo "1591"]
[BlackElo "1550"]
[PlyCount "42"]
[EventDate "2014.02.04"]
[EventType "swiss"]
[EventRounds "4"]
[EventCountry "CAN"]

1. e3 d5 2. d4 c6 3. Bd3 Nf6 4. Nd2 e6 5. Ngf3 Bd6 6. O-O O-O 7. e4 dxe4 8.
Nxe4 Nxe4 9. Bxe4 Nd7 10. Bxh7+ Kxh7 11. Qd3+ Kg8 12. Ng5 Nf6 13. f4 g6 14. Qh3
Kg7 15. f5 Rh8 16. Qe3 Bxh2+ 17. Kf2 Ng4+ 18. Ke2 Nxe3 19. Bxe3 exf5 20. Rad1
Re8 21. Rh1 Qxg5 0-1

[Event "February TNT"]
[Site "Winnipeg CAN"]
[Date "2014.02.25"]
[Round "4.4"]
[White "Platt, Alex"]
[Black "Boron, Anthony"]
[Result "1/2-1/2"]
[WhiteElo "2014"]
[BlackElo "1994"]
[PlyCount "34"]
[EventDate "2014.02.04"]
[EventType "swiss"]
[EventRounds "4"]
[EventCountry "CAN"]

1. e4 c5 2. Nf3 e6 3. d4 cxd4 4. Qxd4 Nc6 5. Qe3 Nf6 6. Be2 d5 7. exd5 Nxd5 8.
Qe4 Bd7 9. O-O Rc8 10. a3 Be7 11. c4 Nf6 12. Qd3 O-O 13. b4 Qc7 14. Bb2 Rfd8
15. Nbd2 Ng4 16. h3 Be8 17. Qc2 Nge5 1/2-1/2

[Event "February TNT"]
[Site "Winnipeg CAN"]
[Date "2014.02.25"]
[Round "4.4"]
[White "Raihman, Daniel"]
[Black "Baron, Gustav"]
[Result "1-0"]
[WhiteElo "1675"]
[BlackElo "1898"]
[PlyCount "53"]
[EventDate "2014.02.04"]
[EventType "swiss"]
[EventRounds "4"]
[EventCountry "CAN"]

1. e4 c6 2. d4 d5 3. Nc3 dxe4 4. Nxe4 Nf6 5. Nxf6+ exf6 6. Be3 Bf5 7. Bd3 Qd7
8. Ne2 Bd6 9. Nc3 O-O 10. Ne4 Bxe4 11. Bxe4 f5 12. Bd3 f4 13. Bd2 Re8+ 14. Kf1
Qc7 15. Qh5 h6 16. g3 Nd7 17. Qf5 g6 18. Qh3 h5 19. gxf4 Nf8 20. f5 Bf4 21. Bc3
Qd6 22. Rg1 g5 23. Qxh5 f6 24. h4 b5 25. hxg5 Bxg5 26. Bd2 Nh7 27. f4 1-0

[Event "February TNT"]
[Site "Winnipeg CAN"]
[Date "2014.02.25"]
[Round "4.4"]
[White "Raihman, Igal"]
[Black "Remillard, John"]
[Result "1-0"]
[WhiteElo "1980"]
[BlackElo "1603"]
[PlyCount "71"]
[EventDate "2014.02.04"]
[EventType "swiss"]
[EventRounds "4"]
[EventCountry "CAN"]

1. e4 c5 2. Nf3 d6 3. d4 cxd4 4. Nxd4 e5 5. Nf3 Nf6 6. Nc3 a6 7. h3 Be7 8. Be3
O-O 9. Bc4 Nbd7 10. Qe2 Qc7 11. Bg5 b5 12. Bb3 Bb7 13. O-O Nc5 14. Bxf6 Bxf6
15. Bd5 b4 16. Bxb7 Qxb7 17. Nd5 Bd8 18. Nd2 Ne6 19. Nc4 Be7 20. a3 Nd4 21. Qd2
b3 22. Na5 Qa7 23. c3 Nc2 24. Nc6 Qd7 25. Ndxe7+ Kh8 26. Rad1 Rfe8 27. Qxd6 Qb7
28. Qd7 Qb5 29. Qd5 Qa4 30. Qxf7 Qxe4 31. Qxb3 Rf8 32. Qe6 Ne3 33. fxe3 Qxe3+
34. Kh2 Rxf1 35. Rxf1 Qd2 36. Nxe5 1-0

[Event "February TNT"]
[Site "Winnipeg CAN"]
[Date "2014.02.25"]
[Round "4.4"]
[White "Wasserman, Leor"]
[Black "Czarny, Keith"]
[Result "1-0"]
[WhiteElo "2081"]
[BlackElo "1770"]
[PlyCount "57"]
[EventDate "2014.02.04"]
[EventType "swiss"]
[EventRounds "4"]
[EventCountry "CAN"]

1. e4 d6 2. d4 g6 3. Nf3 Bg7 4. Bc4 h6 5. O-O Nc6 6. Be3 Nf6 7. Nc3 O-O 8. Qd2
Ng4 9. Bf4 e5 10. dxe5 dxe5 11. Qxd8 Rxd8 12. Bg3 Nd4 13. Nxd4 exd4 14. Nb5 Ne5
15. Bxe5 Bxe5 16. f4 Bg7 17. Nxc7 Rb8 18. Nd5 Be6 19. Ne7+ Kf8 20. Nxg6+ fxg6
21. Bxe6 Rd6 22. f5 Ke8 23. Rae1 h5 24. e5 Rc6 25. Bb3 gxf5 26. Ba4 b5 27. Bb3
Rg6 28. Rxf5 h4 29. Bf7+ 1-0

[Event "February TNT"]
[Site "Winnipeg CAN"]
[Date "2014.02.25"]
[Round "4.4"]
[White "Wolchock, Theo"]
[Black "Czypinski, Jaroslaw"]
[Result "0-1"]
[WhiteElo "1755"]
[BlackElo "1970"]
[PlyCount "102"]
[EventDate "2014.02.04"]
[EventType "swiss"]
[EventRounds "4"]
[EventCountry "CAN"]

1. c4 Nf6 2. g3 e6 3. Bg2 d5 4. d4 Be7 5. Nf3 O-O 6. O-O c6 7. Nc3 Nbd7 8. Bf4
Nh5 9. Bd2 Nhf6 10. b3 Re8 11. Bf4 Nb6 12. c5 Nbd7 13. Qc1 Nf8 14. Ne5 Ng6 15.
Nxg6 hxg6 16. b4 Bd7 17. a4 a6 18. Qb2 Nh5 19. Bd2 Bg5 20. Qc1 Bxd2 21. Qxd2
Nf6 22. Rfe1 Kh7 23. Qg5 Rh8 24. e4 dxe4 25. Nxe4 Nxe4 26. Qxd8 Rhxd8 27. Rxe4
Be8 28. a5 Kg8 29. Rd1 Rd7 30. Re3 Rad8 31. Red3 f6 32. f4 Bf7 33. Bh3 Kf8 34.
Kf2 Ke7 35. Ke3 Rh8 36. Bg4 Rxh2 37. R3d2 Rh8 38. Bf3 Rdd8 39. Rh1 Rxh1 40.
Bxh1 Rh8 41. Bf3 Rh6 42. Rd1 Rh2 43. Rd2 Rh3 44. Rg2 Rh1 45. Rb2 Re1+ 46. Kd2
Rg1 47. g4 Ra1 48. Bd1 Ra3 49. Rb3 Ra2+ 50. Ke3 e5 51. Rb1 Ra3+ 0-1

[Event "February op"]
[Site "Grande Prairie CAN"]
[Date "2014.02.08"]
[Round "1"]
[White "Caughlin, Wade"]
[Black "Kaut, Chris"]
[Result "1-0"]
[WhiteElo "1869"]
[BlackElo "1436"]
[PlyCount "57"]
[EventDate "2014.02.08"]
[EventType "swiss (rapid)"]
[EventRounds "3"]
[EventCountry "CAN"]

1. e4 e5 2. Nf3 Nc6 3. Bb5 Nf6 4. Qe2 Bb4 5. a3 Ba5 6. Bxc6 dxc6 7. O-O O-O 8.
Nxe5 Qd6 9. Nc4 Qf4 10. d3 Qg4 11. Qxg4 Nxg4 12. Nxa5 b6 13. Nxc6 f5 14. Nc3
fxe4 15. Nxe4 Bb7 16. Nd4 Rae8 17. Ng3 c5 18. Ndf5 Bc8 19. Nd6 Rd8 20. Nxc8
Rxc8 21. Bd2 Nf6 22. Rae1 h6 23. Re7 a5 24. Rfe1 Rc6 25. Nf5 Rf7 26. Rxf7 Kxf7
27. h3 c4 28. dxc4 Rxc4 29. Nd6+ 1-0

[Event "February op"]
[Site "Grande Prairie CAN"]
[Date "2014.02.08"]
[Round "1"]
[White "Mendis, Nimna"]
[Black "Pradzinski, Tim"]
[Result "0-1"]
[WhiteElo "1254"]
[BlackElo "1944"]
[PlyCount "48"]
[EventDate "2014.02.08"]
[EventType "swiss (rapid)"]
[EventRounds "3"]
[EventCountry "CAN"]

1. d4 d5 2. c4 e6 3. Nf3 Nf6 4. Ne5 Bd6 5. Bg5 O-O 6. Nc3 dxc4 7. e3 Nbd7 8.
Nxc4 Be7 9. Bd3 h6 10. Bxf6 Nxf6 11. Ne5 a6 12. O-O c5 13. h3 cxd4 14. exd4 Qd6
15. Nf3 Rd8 16. Qe2 b5 17. a3 Bb7 18. Be4 Nxe4 19. Nxe4 Qf4 20. g3 Qxe4 21.
Qxe4 Bxe4 22. Rfc1 Bxf3 23. Rc7 Bf6 24. Rd1 Bxd1 0-1

[Event "February op"]
[Site "Grande Prairie CAN"]
[Date "2014.02.08"]
[Round "1"]
[White "Redmond, Brian"]
[Black "Stainer, Joel"]
[Result "0-1"]
[WhiteElo "1321"]
[BlackElo "1638"]
[PlyCount "52"]
[EventDate "2014.02.08"]
[EventType "swiss (rapid)"]
[EventRounds "3"]
[EventCountry "CAN"]

1. c4 c6 2. Nc3 Nf6 3. g3 d5 4. d3 Bf5 5. Bg2 e6 6. Nf3 Be7 7. O-O O-O 8. Bd2
Nbd7 9. a3 Qc7 10. b4 dxc4 11. dxc4 c5 12. Bf4 e5 13. Nd5 Nxd5 14. Nxe5 Nxf4
15. gxf4 Nxe5 16. fxe5 Qxe5 17. Bxb7 Rab8 18. Bg2 Rfd8 19. f4 Qe3+ 20. Kh1 Rxd1
21. Raxd1 Be4 22. Bxe4 Qxe4+ 23. Kg1 cxb4 24. Rd7 Bc5+ 25. Rf2 Qxf4 26. Rxf7
Qxf7 0-1

[Event "February op"]
[Site "Grande Prairie CAN"]
[Date "2014.02.08"]
[Round "2"]
[White "Kaut, Chris"]
[Black "McGinnis, Paul"]
[Result "0-1"]
[WhiteElo "1436"]
[BlackElo "1666"]
[PlyCount "56"]
[EventDate "2014.02.08"]
[EventType "swiss (rapid)"]
[EventRounds "3"]
[EventCountry "CAN"]

1. d4 Nf6 2. c4 g6 3. Nc3 Bg7 4. Nh3 e6 5. e3 O-O 6. e4 d5 7. Be2 dxe4 8. d5
exd5 9. cxd5 Re8 10. Bc4 c6 11. O-O Bg4 12. f3 exf3 13. gxf3 Bxh3 14. Rf2 c5
15. Bg5 Qc8 16. Bb5 Re5 17. d6 Rxg5+ 18. Kh1 Nbd7 19. f4 Rh5 20. Qd3 Bf5 21.
Qc4 b6 22. Re1 Qb7+ 23. Ne4 Bxe4+ 24. Kg1 Qd5 25. Qxd5 Bxd5 26. Bxd7 Nxd7 27.
Re7 Bc6 28. Rfe2 Bd4+ 0-1

[Event "February op"]
[Site "Grande Prairie CAN"]
[Date "2014.02.08"]
[Round "2"]
[White "Pradzinski, Tim"]
[Black "Stainer, Joel"]
[Result "1-0"]
[WhiteElo "1944"]
[BlackElo "1638"]
[PlyCount "47"]
[EventDate "2014.02.08"]
[EventType "swiss (rapid)"]
[EventRounds "3"]
[EventCountry "CAN"]

1. e4 c6 2. Nf3 d5 3. exd5 cxd5 4. d4 Bg4 5. Be2 Nc6 6. O-O e6 7. Be3 Qb6 8. b3
Nge7 9. Nbd2 Rc8 10. c4 dxc4 11. d5 Qd8 12. dxc6 Nxc6 13. Nxc4 Be7 14. Qxd8+
Rxd8 15. Rfd1 O-O 16. Nd4 Nxd4 17. Bxg4 Bc5 18. b4 Nc2 19. Bxc5 Nxa1 20. Bxf8
Rxd1+ 21. Bxd1 Kxf8 22. Kf1 Ke7 23. Ke2 b5 24. Ne3 1-0

[Event "February op"]
[Site "Grande Prairie CAN"]
[Date "2014.02.08"]
[Round "2"]
[White "Redmond, Brian"]
[Black "Mendis, Nimna"]
[Result "1/2-1/2"]
[WhiteElo "1321"]
[BlackElo "1254"]
[PlyCount "49"]
[EventDate "2014.02.08"]
[EventType "swiss (rapid)"]
[EventRounds "3"]
[EventCountry "CAN"]

1. c4 c6 2. Nc3 d5 3. Nf3 Bg4 4. d3 Bxf3 5. exf3 Nf6 6. Be2 e6 7. O-O Bc5 8. d4
Bb6 9. Bg5 Nbd7 10. Na4 c5 11. Nxb6 Qxb6 12. b3 O-O 13. Be3 Qd6 14. f4 b6 15.
Bd3 a5 16. Rc1 cxd4 17. Bxd4 Nc5 18. Bxf6 gxf6 19. Qg4+ Kh8 20. Bc2 f5 21. Qf3
Ne4 22. Bxe4 dxe4 23. Qc3+ Kg8 24. Qg3+ Kh8 25. Qc3+ 1/2-1/2

[Event "February op"]
[Site "Grande Prairie CAN"]
[Date "2014.02.08"]
[Round "3"]
[White "Caughlin, Wade"]
[Black "Pradzinski, Tim"]
[Result "0-1"]
[WhiteElo "1869"]
[BlackElo "1944"]
[PlyCount "96"]
[EventDate "2014.02.08"]
[EventType "swiss (rapid)"]
[EventRounds "3"]
[EventCountry "CAN"]

1. e4 d6 2. Nc3 Nf6 3. d3 e5 4. Bg5 Be7 5. g3 Be6 6. Bg2 c6 7. Nge2 Qb6 8. Qd2
Nbd7 9. O-O d5 10. d4 Nxe4 11. Nxe4 dxe4 12. Bxe7 Kxe7 13. Qg5+ f6 14. Qxg7+
Bf7 15. dxe5 Nxe5 16. Bxe4 Rag8 17. Qh6 Bg6 18. Qf4 Bxe4 19. Qxe4 Rg4 20. Qe3
Qxe3 21. fxe3 Re4 22. Nd4 Rd8 23. Nf5+ Ke6 24. Nd4+ Kf7 25. Nf5 Rd2 26. Rae1
Kg6 27. Nh4+ Kf7 28. Nf3 Nxf3+ 29. Rxf3 Rxc2 30. Rf2 Rec4 31. Ree2 Rxe2 32.
Rxe2 Ke6 33. Kf2 b5 34. Kf3 a5 35. e4 Ke5 36. h4 c5 37. g4 h6 38. a3 Rd4 39.
Re3 c4 40. b3 Rd3 41. Rxd3 cxd3 42. g5 fxg5 43. hxg5 hxg5 44. Ke3 d2 45. Kxd2
Kxe4 46. a4 b4 47. Ke2 g4 48. Kf2 Kd3 0-1

[Event "February op"]
[Site "Grande Prairie CAN"]
[Date "2014.02.08"]
[Round "3"]
[White "Kaut, Chris"]
[Black "Redmond, Brian"]
[Result "1-0"]
[WhiteElo "1436"]
[BlackElo "1321"]
[PlyCount "65"]
[EventDate "2014.02.08"]
[EventType "swiss (rapid)"]
[EventRounds "3"]
[EventCountry "CAN"]

1. d4 Nf6 2. c4 e6 3. Nc3 Bb4 4. Bd2 b6 5. a3 Be7 6. e4 Nc6 7. Nf3 Bb7 8. e5
Ng4 9. Be2 d6 10. Qa4 O-O 11. d5 Ncxe5 12. Nxe5 Nxe5 13. O-O-O a6 14. f4 b5 15.
Qc2 Nxc4 16. Bxc4 bxc4 17. dxe6 fxe6 18. Be3 Bf6 19. Rhf1 d5 20. Bc5 Be7 21.
Bd4 Bf6 22. Bxf6 Qxf6 23. f5 Qg5+ 24. Kb1 exf5 25. Nxd5 Bxd5 26. Rxd5 g6 27.
Qxc4 Qxg2 28. Rd2+ Kg7 29. Rxg2 Rfe8 30. Qxc7+ Kh6 31. Rf4 Re1+ 32. Ka2 Rae8
33. Rh4# 1-0

[Event "February op"]
[Site "Grande Prairie CAN"]
[Date "2014.02.08"]
[Round "3"]
[White "Stainer, Joel"]
[Black "McGinnis, Paul"]
[Result "1-0"]
[WhiteElo "1638"]
[BlackElo "1666"]
[PlyCount "61"]
[EventDate "2014.02.08"]
[EventType "swiss (rapid)"]
[EventRounds "3"]
[EventCountry "CAN"]

1. d4 Nf6 2. Nf3 g6 3. Bf4 Bg7 4. Nc3 e6 5. Qd2 d5 6. Bh6 Bxh6 7. Qxh6 Qe7 8.
O-O-O Nbd7 9. e3 Ng4 10. Qg7 Qf6 11. Qxf6 Ndxf6 12. Rd2 Bd7 13. h3 Nh6 14. g4
O-O-O 15. g5 Ne4 16. Nxe4 dxe4 17. Ne5 f6 18. Nxd7 Rxd7 19. gxh6 Rd5 20. Bg2
Rh5 21. Bxe4 Rxh6 22. d5 Rh4 23. Bg2 e5 24. Rhd1 Ra4 25. a3 Ra6 26. d6 cxd6 27.
Rxd6 Rxd6 28. Rxd6 f5 29. c4 Rd8 30. Rxd8+ Kxd8 31. Bxb7 1-0